Информатика 1.1_ИСТ: электронный курс
| 主要作者: | |
|---|---|
| 企業作者: | |
| 其他作者: | |
| 總結: | Заглавие с экрана Курс содержит основной лекционный материал и его расширение, предназначенное для самостоятельного изучения. Приведены сведения по основным разделам базового курса «Информатика». Рассмотрены понятия информации, информационного процесса, информационных технологий, управления знаниями, моделирования и др. Приводятся краткие сведения по аппаратно-программным средствам информационных технологий, основам операционных систем. Рассмотрены используемые в инженерной деятельности информационные технологии и их инструментальные средства. Материал курса тесно связан с разработанным авторами компьютерным лабораторным практикумом, который используется локально на компьютере и постоянно обновляется. Практикум включает в себя 14 лабораторных работ по основным разделам курса и различные виды контроля. Поэтому в курс включен только теоретический учебный материал и средства контроля для проверки его усвоения. Знания, полученные в курсе, помогут формированию системных основ использования персонального компьютера будущими специалистами в предметной области, формирование умений применять инструментальные средства информационных технологий для решения задач инженерной деятельности. Доступ по логину и паролю |
| 語言: | 俄语 |
| 出版: |
Томск, TPU Moodle, 2017
|
| 主題: | |
| 在線閱讀: | https://design.lms.tpu.ru/course/view.php?id=1554 |
| 格式: | 電子 圖書 |
| KOHA link: | https://koha.lib.tpu.ru/cgi-bin/koha/opac-detail.pl?biblionumber=667305 |
MARC
| LEADER | 00000nlm0a2200000 4500 | ||
|---|---|---|---|
| 001 | 667305 | ||
| 005 | 20231101135459.0 | ||
| 035 | |a (RuTPU)RU\TPU\network\38510 | ||
| 035 | |a RU\TPU\network\37536 | ||
| 090 | |a 667305 | ||
| 100 | |a 20220314d2017 m y0rusy50 ca | ||
| 101 | 0 | |a rus | |
| 102 | |a RU | ||
| 105 | |a a j 000zy | ||
| 135 | |a jrcn ---uucaa | ||
| 181 | 0 | |a i | |
| 182 | 0 | |a b | |
| 200 | 1 | |a Информатика 1.1_ИСТ |e электронный курс |f В. Б. Немировский, А. К. Стоянов |g Национальный исследовательский Томский политехнический университет, Институт кибернетики, Кафедра информационных систем и технологий | |
| 203 | |a Текст |c электронный | ||
| 210 | |a Томск |c TPU Moodle |d 2017 | ||
| 230 | |a Электрон. дан. | ||
| 300 | |a Заглавие с экрана | ||
| 330 | |a Курс содержит основной лекционный материал и его расширение, предназначенное для самостоятельного изучения. Приведены сведения по основным разделам базового курса «Информатика». Рассмотрены понятия информации, информационного процесса, информационных технологий, управления знаниями, моделирования и др. Приводятся краткие сведения по аппаратно-программным средствам информационных технологий, основам операционных систем. Рассмотрены используемые в инженерной деятельности информационные технологии и их инструментальные средства. Материал курса тесно связан с разработанным авторами компьютерным лабораторным практикумом, который используется локально на компьютере и постоянно обновляется. Практикум включает в себя 14 лабораторных работ по основным разделам курса и различные виды контроля. Поэтому в курс включен только теоретический учебный материал и средства контроля для проверки его усвоения. Знания, полученные в курсе, помогут формированию системных основ использования персонального компьютера будущими специалистами в предметной области, формирование умений применять инструментальные средства информационных технологий для решения задач инженерной деятельности. | ||
| 333 | |a Доступ по логину и паролю | ||
| 606 | 1 | |a Информатика |2 stltpush |3 (RuTPU)RU\TPU\subj\36202 | |
| 610 | 1 | |a электронный ресурс | |
| 610 | 1 | |a труды учёных ТПУ | |
| 610 | 1 | |a информатика | |
| 610 | 1 | |a информационные технологии | |
| 610 | 1 | |a программирование | |
| 610 | 1 | |a электронные учебные пособия | |
| 610 | 1 | |a аппаратное обеспечение | |
| 610 | 1 | |a программное обеспечение | |
| 610 | 1 | |a моделирование | |
| 610 | 1 | |a искусственный интеллект | |
| 675 | |a 004(075.8) |v 4 | ||
| 700 | 1 | |a Немировский |b В. Б. |c специалист в области информатики и вычислительной техники |c доцент Томского политехнического университета, кандидат физико-математических наук |f 1945- |g Виктор Борисович |2 stltpush |3 (RuTPU)RU\TPU\pers\25737 | |
| 701 | 1 | |a Стоянов |b А. К. |c специалист в области информатики и вычислительной техники |c доцент Томского политехнического университета, кандидат технических наук |c писатель |f 1946- |g Александр Кириллович |2 stltpush |3 (RuTPU)RU\TPU\pers\13179 | |
| 712 | 0 | 2 | |a Национальный исследовательский Томский политехнический университет |b Институт кибернетики |b Кафедра информационных систем и технологий |h 7753 |2 stltpush |3 (RuTPU)RU\TPU\col\22637 |
| 801 | 2 | |a RU |b 63413507 |c 20220628 |g RCR | |
| 856 | 4 | |u https://design.lms.tpu.ru/course/view.php?id=1554 | |
| 942 | |c CF | ||